000 00472nam a2200157 a 4500
999 _c12802
_d12802
020 _a0070676542 (hardcover)
020 _a9780070676541 (hardcover)
100 1 _aWaddell, Joseph J.
245 1 0 _aConcrete Construction Handbook /
250 _a2nd ed.
260 _a[S.l.] :
_bMcGraw Hill Higher Education,
_c1974.
300 _a960 p. ;
650 _aConcrete Construction
856 4 0 _uhttp://www.amazon.com/exec/obidos/ASIN/0070676542/chopaconline-20
942 _cBK